Rural development in the Banat area
In the context of huge problems engendered by the European agricultural policy and related to rural area development, the rural area on the whole needs new perspectives to ensure a positive evolution of the human communities. Romania, a member of the European Union for over 5 years now, needs to val...
Elmentve itt :
| Szerzők: | |
|---|---|
| Dokumentumtípus: | Cikk |
| Megjelent: |
2012
|
| Sorozat: | Review on agriculture and rural development
1 No. 1 |
| Kulcsszavak: | Vidékfejlesztés - Románia - regionális, Bánát, Fajok megőrzése - természetvédelem |
| Tárgyszavak: | |
| Online Access: | http://acta.bibl.u-szeged.hu/55221 |
| LEADER | 01456nab a2200289 i 4500 | ||
|---|---|---|---|
| 001 | acta55221 | ||
| 005 | 20240328145011.0 | ||
| 008 | 180614s2012 hu o 0|| eng d | ||
| 022 | |a 2063-4803 | ||
| 040 | |a SZTE Egyetemi Kiadványok Repozitórium |b hun | ||
| 041 | |a eng | ||
| 100 | 1 | |a Stan Andreea | |
| 245 | 1 | 0 | |a Rural development in the Banat area |h [elektronikus dokumentum] / |c Stan Andreea |
| 260 | |c 2012 | ||
| 300 | |a 424-427 | ||
| 490 | 0 | |a Review on agriculture and rural development |v 1 No. 1 | |
| 520 | 3 | |a In the context of huge problems engendered by the European agricultural policy and related to rural area development, the rural area on the whole needs new perspectives to ensure a positive evolution of the human communities. Romania, a member of the European Union for over 5 years now, needs to valorise all its natural, human, and cultural resources of the rural area to be able to face a strong competition and to maintain biodiversity. | |
| 650 | 4 | |a Társadalomtudományok | |
| 650 | 4 | |a Társadalom- és gazdaságföldrajz | |
| 695 | |a Vidékfejlesztés - Románia - regionális, Bánát, Fajok megőrzése - természetvédelem | ||
| 700 | 0 | 1 | |a Petroman Cornelia |e aut |
| 700 | 0 | 1 | |a Petroman Ioan |e aut |
| 700 | 0 | 1 | |a Marin Diana |e aut |
| 700 | 0 | 1 | |a Statie C. |e aut |
| 700 | 0 | 1 | |a Şucan Moisina |e aut |
| 700 | 0 | 1 | |a Bela Angela |e aut |
| 856 | 4 | 0 | |u http://acta.bibl.u-szeged.hu/55221/1/agricul_review_2012_001_suppl_424-427.pdf |z Dokumentum-elérés |